00741 a2200229 4500003000700000005001700007008004100024020001800065040002500083050001700108100002500125245009400150260002900244300003400273336002800307337003000335338002700365500002200392650002700414650003300441650003700474CBULib20241204140024.0241204b |||||||| |||| 00| 0 eng d a9780415572989 bEnglishcCBULiberda aGV 706.4 Men aGucciardi, Daniel F. aMental toughness in sport : developments in theory and researchc/ by Daniel F. Gucciardi bRoutledge,c2011aOxon : avi, 257 pages : illustrations 2rdacontentaText |btxt 2rdamediaaUnmediated |bn 2rdacarrieraVolumebnc aIncludes an index 0aATHLETES MENTAL HEALTH 0aSPORTS PSYCHOLOGICAL ASPECTS 0aATHLETES MENTAL HEALTH HANDBOOKS